[Event "LTU-ch sf"]
[Site "Kaunas"]
[Date "2024.03.07"]
[Round "2"]
[White "Latvenas, Lukas"]
[Black "Cumacenko, Joris"]
[Result "1-0"]
[WhiteElo "1649"]
[BlackElo "1525"]
[PlyCount "99"]
[EventDate "2024.03.06"]
[EventType "swiss"]
[EventRounds "8"]
[EventCountry "LTU"]
[SourceTitle "CB11_2024"]
[SourceDate "2024.03.13"]
[SourceVersion "1"]
[SourceVersionDate "2024.03.13"]
[SourceQuality "1"]

1. d4 d5 2. c4 e6 3. Nf3 Nf6 4. g3 Be7 5. Bg2 0-0 6. Nc3 c6 7. 0-0 Nbd7 8. Qd3 Nb6 9. b3 c5 10. cxd5 Nbxd5 11. dxc5 Bxc5 12. Bb2 Nxc3 13. Qxc3 Qb6 14. Ne5 Rd8 15. Nc4 Qc7 16. Rfd1 Bd7 17. Rac1 Rac8 18. Ne5 Qb6 19. Qf3 Bb5 20. e3 Ba6 21. Nc4 Bxc4 22. Rxc4 Rxd1+ 23. Qxd1 Rd8 24. Qc2 Nd7 25. Rg4 Bf8 26. Rh4 h6 27. Rg4 e5 28. Rc4 Bd6 29. Rc8 Nc5 30. Rxd8+ Qxd8 31. Qc4 b6 32. Bd5 Qd7 33. a4 Qf5 34. e4 Qf3 35. Qc2 Kh7 36. Bc3 f5 37. b4 Nd3 38. Qd2 f4 39. Be6 Qxe4 40. g4 g6 41. Bd7 f3 42. Qa2 Bf8 43. Qf7+ Bg7 44. Be6 Qa8 45. Bc4 Qd8 46. h3 h5 47. Bxd3 Qxd3 48. Bxe5 Qd1+ 49. Kh2 Kh6 50. g5+ 1-0

[Event "Vilnius Elite op"]
[Site "Vilnius"]
[Date "2023.07.08"]
[Round "6"]
[White "Latvenas, Lukas"]
[Black "Ketlerius, Arijus"]
[Result "0-1"]
[WhiteElo "1407"]
[BlackElo "1891"]
[PlyCount "50"]
[EventDate "2023.07.05"]
[EventType "swiss"]
[EventRounds "8"]
[EventCountry "LTU"]
[SourceTitle "CBM 215 Extra"]
[Source "ChessBase"]
[SourceDate "2023.09.30"]
[SourceVersion "1"]
[SourceVersionDate "2023.09.30"]
[SourceQuality "1"]

1. d4 Nf6 2. c4 c5 3. d5 e6 4. Nc3 exd5 5. cxd5 d6 6. e4 g6 7. f4 Bg7 8. Bb5+ Nfd7 9. a4 0-0 10. Nf3 Na6 11. 0-0 Nb4 12. Re1 a6 13. Bf1 Re8 14. Be3 Nf6 15. Nd2 Ng4 16. Kh1 Bxc3 17. bxc3 Nxe3 18. Rxe3 Nxd5 19. Rf3 Nf6 20. f5 Nxe4 21. Nxe4 Rxe4 22. Bd3 Re5 23. fxg6 hxg6 24. Rg3 Kg7 25. Qb3 Qe7 0-1

[Event "Vilnius Elite op"]
[Site "Vilnius"]
[Date "2023.07.07"]
[Round "5"]
[White "Milewski, Karol"]
[Black "Latvenas, Lukas"]
[Result "1-0"]
[WhiteElo "1818"]
[BlackElo "1407"]
[PlyCount "51"]
[EventDate "2023.07.05"]
[EventType "swiss"]
[EventRounds "8"]
[EventCountry "LTU"]
[SourceTitle "CBM 215 Extra"]
[Source "ChessBase"]
[SourceDate "2023.09.30"]
[SourceVersion "1"]
[SourceVersionDate "2023.09.30"]
[SourceQuality "1"]

1. c4 Nf6 2. Nc3 g6 3. g3 d5 4. cxd5 Nxd5 5. Bg2 Nb6 6. Nf3 Bg7 7. 0-0 Nc6 8. d3 0-0 9. Bd2 a5 10. Rc1 a4 11. Be3 a3 12. b3 Nb4 13. Qd2 Re8 14. Nb5 Nc6 15. Ng5 h6 16. Ne4 Ra5 17. Nxc7 Nc4 18. Rxc4 Qxc7 19. Bxh6 Rh5 20. Bxg7 Kxg7 21. Qc3+ e5 22. h4 Reh8 23. Bf3 R5h6 24. Rc1 f5 25. Ng5 Kg8 26. Bxc6 1-0

[Event "LTU-chT"]
[Site "Lithuania"]
[Date "2023.04.21"]
[Round "4.3"]
[White "Latvenas, Lukas"]
[Black "Baliasnyj, Timur"]
[Result "0-1"]
[WhiteElo "1252"]
[BlackElo "2197"]
[PlyCount "62"]
[EventDate "2023.03.04"]
[EventType "team"]
[EventRounds "7"]
[EventCountry "LTU"]
[SourceTitle "EXT 2024"]
[Source "ChessBase"]
[SourceDate "2023.10.10"]
[SourceVersion "1"]
[SourceVersionDate "2023.10.10"]
[SourceQuality "1"]
[WhiteTeam "Vilnius Tauras"]
[BlackTeam "Kaunas Security"]
[WhiteTeamCountry "LTU"]
[BlackTeamCountry "LTU"]

1. d4 Nf6 2. c4 g6 3. Nc3 d5 4. cxd5 Nxd5 5. Bd2 Bg7 6. e4 Nb6 7. Be3 0-0 8. Bb5 a6 9. Be2 Nc6 10. d5 Ne5 11. Qb3 a5 12. a4 e6 13. f4 Ng4 14. Bc5 Re8 15. Nf3 exd5 16. 0-0-0 Qf6 17. g3 dxe4 18. Ng5 Bf5 19. h3 Nh6 20. Rhf1 Rad8 21. g4 Rxd1+ 22. Bxd1 Bd7 23. Qa2 Qc6 24. Bxb6 Bxc3 25. Bg1 Bf6+ 26. Kb1 e3 27. Bf3 Qxa4 28. Qd5 Bc6 29. Qd3 Bxf3 30. Nxh7 Kxh7 31. Rxf3 e2 0-1

[Event "LTU-ch U18"]
[Site "Kaunas"]
[Date "2022.02.20"]
[Round "7"]
[White "Persinas, Vilius"]
[Black "Latvenas, Lukas"]
[Result "1-0"]
[WhiteElo "1496"]
[BlackElo "1141"]
[PlyCount "59"]
[EventDate "2022.02.16"]
[EventType "swiss"]
[EventRounds "7"]
[EventCountry "LTU"]
[SourceTitle "CBM 207 Extra"]
[Source "ChessBase"]
[SourceDate "2022.05.31"]
[SourceVersion "1"]
[SourceVersionDate "2022.05.31"]
[SourceQuality "1"]

1. c4 Nf6 2. Nf3 g6 3. Nc3 Bg7 4. g3 0-0 5. Bg2 d5 6. cxd5 Nxd5 7. 0-0 c5 8. Qb3 Nxc3 9. bxc3 Nc6 10. Rd1 b6 11. d4 cxd4 12. Nxd4 Nxd4 13. cxd4 Be6 14. d5 Bd7 15. Rb1 Rc8 16. Bf4 Rc3 17. Qb4 a5 18. Qxb6 Qxb6 19. Rxb6 Rc2 20. Rb7 Ba4 21. Rxe7 Rxe2 22. Rxe2 Bxd1 23. Re7 Bf6 24. Ra7 Bc3 25. d6 Ba4 26. Bd5 Kg7 27. Bg5 Bf6 28. Be3 Bc3 29. Bb6 Kf6 30. d7 1-0

[Event "LTU-ch U18"]
[Site "Kaunas"]
[Date "2022.02.16"]
[Round "1"]
[White "Latvenas, Lukas"]
[Black "Likatavicius, Rapolas"]
[Result "0-1"]
[WhiteElo "1141"]
[BlackElo "1926"]
[PlyCount "68"]
[EventDate "2022.02.16"]
[EventType "swiss"]
[EventRounds "7"]
[EventCountry "LTU"]
[SourceTitle "CBM 207 Extra"]
[Source "ChessBase"]
[SourceDate "2022.05.31"]
[SourceVersion "1"]
[SourceVersionDate "2022.05.31"]
[SourceQuality "1"]

1. d4 d5 2. c4 c6 3. Nf3 Nf6 4. Qc2 g6 5. g3 Bf5 6. Qb3 Qb6 7. c5 Qc7 8. Bf4 Qc8 9. Nh4 Bxb1 10. Rxb1 Bg7 11. Bh3 Nbd7 12. Nf3 Nh5 13. Ne5 Bxe5 14. dxe5 e6 15. Bh6 Rg8 16. Qc3 Qc7 17. f4 b6 18. b4 Ng7 19. 0-0 Nf5 20. Bg5 h6 21. Bf6 Nxf6 22. exf6 b5 23. Bg2 a5 24. a4 bxa4 25. bxa5 Rxa5 26. Rb8+ Qxb8 27. Qxa5 Kd7 28. e4 Ne3 29. Rf2 Qa8 30. Qc3 Nd1 31. Qe5 Qb8 32. Qxb8 Rxb8 33. Kf1 Nxf2 34. Kxf2 Rb2+ 0-1